000 00714nam a22001817a 4500
005 20260420162111.0
008 260420b |||||||| |||| 00| 0 eng d
020 _a978-1-4419-8079-3
050 _aQA 76.9 .A 25 I 58 2012
100 _aEDITED BY MOHAMMAD TEHRANIPOOR
245 _aINTRODUCTION TO HARDWARE SECURITY AND TRUST
260 _aNEW YORK,
_bSPRINGER SCIENCE-BUSINESS MEDIA, LLC,
_c2012,
300 _aViii, 427 P, ILL
500 _aINCLUDES BIBLIOGRAPHICAL REFERENCES
650 _a1. Computer security2. Computer input-output equipment 3. Data protection 4. Computer networks-Security measures 5. Information technology-Security measures
700 _aEDITORS: CLIFF WANG
942 _2lcc
_cBK
999 _c217027
_d217027